Random Trivia Questions #1 - Statistics

General Stats
  • This quiz has been taken 58 times
  • The average score is 6 of 15
Answer Stats
Hint Answer % Correct
What religion celebrates Yom KIppur and Hanukkah? Judaism
88%
Which US president is the namesake of a large dam in Nevada? Herbert Hoover
70%
What animal can be described by the word ursine? Bear
66%
What city, at the confluence of the Snake and Columbia rivers, is home to the NBA's Trail Blazers? Portland
55%
Which NFL player was suspended 4 games for 'Deflategate'? Tom Brady
54%
What pop duo's album "Random Access Memories", included 'Get Lucky'? Daft Punk
46%
What disease is also known as consumption? Tuberculosis
45%
What is the last name of the man who came up with the polio vaccine? Salk
38%
What restaraunt was marred by an e.Coli outbreak in October of 2015? Chipotle
32%
What shape can be graphed using the function y=x squared Parabola
32%
Francois Hollande is the current president of France. Who did he succeed? Nicolas Sarkozy
29%
What is the name of the tiger in "The Jungle Book" Shere Khan
29%
What African country was the sight of the world's hottest temperatures in its city of El-Aziz? Libya
27%
Which youtuber famously made the videos "Brane Games" and the "Youtube Re-Ryan"? Nigahiga
9%
What is the second largest city in Iran? Mashhad
5%
No matching quizzes found
Score Distribution
Percent of People with Each Score
Percentile by Number Answered
Your Score History
You have not taken this quiz